00258nam a2200109Ia 4500008004100000082001300041100001400054245003800068250000800106260002600114300000800140150301s2005 xx 000 0 und d a648bSIN aSINGH, RK aORGANISATION OF HOUSEKEEPING MGMT a1ST bAMAN PUB. DELHIc2005 a305